000 00358 a2200133 4500
005 20250701080159.0
082 _a658.787. IIM
100 _aIndian Institute of Materials Management
245 _aProduction and Inventory Control.
250 _a27th Ed.
260 _aNew Delhi,
_bIIMM,
_c1999.
300 _a454p.: ill.; figure, table
_c22cm
942 _2ddc
_cBKS
999 _c6488
_d6488